000 002160000a22000970004500
100 1 _aWhaites, Alan
245 1 0 _aToward a policy for peace
300 _aNúm 64 (1999), Páginas 16
773 0 _tTogether
942 _cANA
999 _c57098
_d57098